000 00444nam a2200193Ia 4500
001 11661
003 GE_BSU
008 181216s||||||||xx |||||||||||||| ||und||
020 _a9781905654581
040 _cGE_BSU
080 _a821.111-32
100 _aCast,Kristin and P.C.
245 2 _aA house of night novel:Tempted.
260 _aLondon.
260 _bAtom books.
260 _c2009.
653 _aA house of night novel.
942 _cBK
999 _c44847
_d44847